000 00474nam a2200181Ia 4500
001 2595
005 20260306144818.0
008 260306t2011||||xx |||||||||||||| ||spa||
041 _aESP
082 _a616.895
_bG69
100 _aGonzález Isasi, Ana
_eAUT
245 0 _aTranstorno bipolar:
_bel enemigo invisible: manual de tratamiento psicológico
260 _c2011
300 _a219 páginas :
_c21 cm.
650 _aGEN
654 _aCPS
942 _cLIB
_dJUS
_fJUS
_2ddc
_n
999 _c2595
_d2595